Spanish regions Immigration by Country #1 - Statistics

General Stats
  • This quiz has been taken 74 times
  • The average score is 10 of 13
Answer Stats
Answer % Correct
Morocco
100%
Portugal
91%
United Kingdom
91%
Colombia
90%
Germany
90%
Peru
88%
Romania
88%
Venezuela
86%
Italy
83%
China
74%
Bulgaria
60%
Paraguay
53%
Nicaragua
33%
No matching quizzes found
Score Distribution
Percent of People with Each Score
Percentile by Number Answered
Your Score History
You have not taken this quiz